000 00862nmm a2200289 a 4500
003 AR-BaBNM
005 20251128203252.0
008 031020s1990 ||||||||||||||000 | spa||
020 _a950-99198-1-0
040 _cAR-BaBNM
100 1 _aFernández Latour de Botas, Olga
_d1935-
245 1 0 _aLa búsqueda de la identidad nacional en la década del 30
260 _aBuenos Aires
_bFundación El Libro
_c1990
300 0 _a83 p.
500 0 _aContiene referencias bibliográficas para consultar
650 4 _aLITERATURA ARGENTINA
650 4 _aHISTORIA ARGENTINA
650 4 _aIDENTIDAD NACIONAL
650 4 _aHISTORIA CULTURAL
650 4 _aTRADICION CULTURAL
650 4 _aCOSTUMBRES Y TRADICIONES
650 4 _aHISTORIA LITERARIA
651 4 _aArgentina
700 1 _aRuiz de Barrantes, María Silvia C.
942 _cBK
998 _cMariana
999 _c2641
_d2641